Cycling Grand Tours of the 2010s - Statistics

General Stats
  • This quiz has been taken 3,365 times
    2,974 since last reset
  • The average score is 33 of 97
Answer Stats
Answer % Correct
Chris Froome
97%
Geraint Thomas
89%
Alberto Contador
88%
Vincenzo Nibali
87%
Egan Bernal
86%
Peter Sagan
84%
Primož Roglič
84%
Bradley Wiggins
82%
Nairo Quintana
80%
Mark Cavendish
76%
Alejandro Valverde
73%
Andy Schleck
73%
Fränk Schleck
73%
Tadej Pogačar
73%
Team Sky
72%
Cadel Evans
71%
Tom Dumoulin
69%
Romain Bardet
68%
Movistar Team
67%
Thibaut Pinot
66%
Adam Yates
65%
Simon Yates
65%
Richard Carapaz
62%
Fabio Aru
55%
Julian Alaphilippe
51%
Rigoberto Urán
51%
Joaquim Rodríguez
50%
Mikel Landa
45%
Enric Mas
43%
Astana
41%
Chris Horner
41%
Richie Porte
39%
Steven Kruijswijk
39%
Ivan Basso
38%
Michael Matthews
38%
Rafał Majka
38%
Jean-Christophe Péraud
37%
Miguel Ángel López
36%
Ryder Hesjedal
36%
Thomas De Gendt
35%
Warren Barguil
35%
Thomas Voeckler
33%
Michele Scarponi
32%
Dan Martin
30%
Ag2r–La Mondiale
29%
Esteban Chaves
28%
Luis León Sánchez
28%
Pierre Rolland
28%
Samuel Sánchez
28%
Saxo–Tinkoff
28%
Bauke Mollema
27%
BMC Racing Team
25%
Tejay van Garderen
23%
Elia Viviani
21%
Fernando Gaviria
19%
Giulio Ciccone
18%
Ilnur Zakarin
18%
Jurgen Van den Broeck
18%
Philippe Gilbert
18%
Pierre Latour
17%
Alessandro Petacchi
16%
John Degenkolb
16%
Giacomo Nizzolo
14%
Lampre–ISD
13%
Pascal Ackermann
13%
Team Katusha
13%
Garmin–Cervélo
12%
RadioShack–Nissan
12%
Team RadioShack
12%
Bob Jungels
11%
Geoffrey Bouchard
11%
Nacer Bouhanni
11%
Roman Kreuziger
11%
Liquigas–Doimo
10%
Matteo Trentin
10%
Mikel Nieve
10%
David Arroyo
8%
Ezequiel Mosquera
8%
Anthony Charteau
7%
Carlos Betancur
7%
John Gadret
7%
Omar Fraile
7%
Peter Velits
7%
David Moncoutié
6%
Euskaltel–Euskadi
6%
Stefano Garzelli
5%
Fabio Felline
4%
Giovanni Visconti
4%
Julián Arredondo
4%
Nicolas Edet
4%
Simon Clarke
4%
Stefano Pirazzi
4%
Davide Villella
3%
Fausto Masnada
3%
Geox–TMC
3%
Matthew Lloyd
3%
Matteo Rabottini
2%
No matching quizzes found
Score Distribution
Percent of People with Each Score
Percentile by Number Answered
Your Score History
You have not taken this quiz since the last reset